logo

Bir Sreshtho Munshi Abdur Rouf Library
Jhenaidah Cadet College

দৌজ ইন পেরাল / (Record no. 11027)

MARC details
000 -LEADER
fixed length control field 00781nam a2200229 4500
001 - CONTROL NUMBER
JCCL Control Number 11027
003 - CONTROL NUMBER IDENTIFIER
JCCL marc code BD-JhCC
005 - DATE AND TIME OF LATEST TRANSACTION
control field 20220626134022.0
008 - FIXED-LENGTH DATA ELEMENTS--GENERAL INFORMATION
fixed length control field 190625s2014 bg |||| |||| 000 0 ben d
020 ## - INTERNATIONAL STANDARD BOOK NUMBER
International Standard Book Number 9789849063223
035 ## - SYSTEM CONTROL NUMBER
system control number (BD-JhCC)11027
040 ## - CATALOGING SOURCE
Original cataloging agency BD-JhCC
Modifying agency BD-JhCC
041 ## - LANGUAGE CODE
Language code of Book ben
082 ## - DEWEY DECIMAL CLASSIFICATION NUMBER
Classification number 823.914
Author mark and Year SMI 2014
100 ## - MAIN ENTRY--PERSONAL NAME
Personal name স্মিথ, উইলবার
245 ## - TITLE STATEMENT
Title দৌজ ইন পেরাল /
Statement of responsibility, etc উইলবার স্মিথ; জেসি মেরী কুইয়া অনূদিত
260 ## - PUBLICATION, DISTRIBUTION, ETC. (IMPRINT)
Place of publication, distribution, etc ঢাকা :
Name of publisher, distributor, etc রোদেলা,
Date of publication, distribution, etc ২০১৪
300 ## - PHYSICAL DESCRIPTION
Pagination ৩৫১ পৃ. :
Dimensions ২২ সেমি.
650 ## - SUBJECT ADDED ENTRY--TOPICAL TERM
Topical term or geographic name as entry element Kidnapping -- Fiction.
700 ## - ADDED ENTRY--PERSONAL NAME
Personal name কুইয়া, জেসি মেরী
942 ## - ADDED ENTRY ELEMENTS (KOHA)
Source of classification or shelving scheme Dewey Decimal Classification
Koha item type Books
Koha issues (borrowed), all copies 14
Holdings
Source of classification or shelving scheme Damaged status Not for loan Home library Current library Shelving location Date of accession Cost, normal purchase price Total Checkouts Full call number Barcode Date last seen Date checked out Copy number Koha item type
Dewey Decimal Classification     JCC Rouf Library JCC Rouf Library General Stacks 06/25/2019 360.00 15 823.914 SMI 2014 15077 02/09/2026 02/05/2026 C-1 Books

JCC Library | Contacts | JCC Home

Last Update on 23 September 2017
Copyright @ 2017-2020 JCC Rouf Library
Rouf Library, Jhenidah Cadet College (JCC), Bangladesh